000 00988nam0a22002651 4500
001 rc\4725070
005 20260407223533.0
021 _aRU
_b[62-58558]
035 _a(NLR Aleph) 008730558
090 _a9474278
_c9474278
100 _a20130416d1963 |||y0rusy50 ca
101 0 _arus
102 _aRU
105 _aa z |||||
200 1 _aСистема мероприятий по борьбе с пероноспорозом табака
_e[Утв. 15/II-63 г.]
210 _aКишинев
_cКартя Молдовеняскэ
_d1963
215 _a15 с.
_cил.
_d20
606 _aТабак
_xБолезни и вредители
_2psbo
606 _aМучнистая роса табака
_2psbo
712 0 1 _aСССР
_bГосударственная инспекция по карантину и защите растений
_3RU\NLR\AUTH\8810151400
_9797488
801 0 _aRU
_bNLR
_gpsbo
801 1 _aRU
_bELAR
_2rusmarc
852 _aNLR
_j63-4/7901
942 _cBOOK
980 _aNB